| 000 | 00740nam a22002057a 4500 | ||
|---|---|---|---|
| 999 |
_c21222 _d21222 |
||
| 003 | AR-CdUCM | ||
| 008 | 190307b ||||| |||| 00| 0 spa d | ||
| 040 |
_aMUNICIPALIDAD PROVINCIAL DEL CUSCO _cBIBLIOTECA MUNICIPAL DEL CUSCO |
||
| 082 |
_a372.5 / G16 _bG16 |
||
| 100 |
_aGalván Gonzales, Maruja _944312 |
||
| 245 | _aVivencias en el aula de un jardín / | ||
| 260 |
_aCusco : _c2015. |
||
| 300 |
_a68 páginas ; _bilustraciones, _c21 cm. |
||
| 505 | _aContenido: Desarrollo personal -- Relaciones afectivas -- Regulando nuestras acciones -- Área de comunicación -- Área de matemáticas. | ||
| 650 |
_aEducación _9460 |
||
| 650 |
_aPedagogía _91560 |
||
| 650 |
_aEducación inicial _93463 |
||
| 942 |
_2ddc _cLIBROS |
||
| 945 | _aRoel | ||